[Event "30th NATO Chess-ch 2019"]
[Site "Berlin"]
[Date "2019.09.19"]
[Round "6.7"]
[White "Andersen, Hans-Christoph"]
[Black "Kedzierski, Slawomir"]
[Result "1-0"]
[WhiteElo "2201"]
[BlackElo "2163"]
[Annotator "NA"]
[PlyCount "104"]
[EventDate "2019.09.16"]
[EventType "swiss"]
[EventCountry "GER"]
[SourceTitle "playchess.com"]
[Source "ChessBase"]
[SourceQuality "1"]
[TimeControl "40/7200:1800"]

1. d4 {[%emt 1:59:53]} Nf6 {[%emt 1:59:53]} 2. c4 {[%emt 1:59:36]} e6 {[%emt 1:58:31]} 3. g3 {[%emt 1:58:55]} d5 {[%emt 1:57:59]} 4. Nf3 {[%emt 1:57:59]} Be7 {[%emt 1:57:43]} 5. Bg2 {[%emt 1:57:43]} O-O {[%emt 1:58:15]} 6. O-O {[%emt 1:57:22]} c6 {[%emt 1:58:03]} 7. Qc2 {[%emt 1:57:26]} b6 {[%emt 1:54:52]} 8. Nbd2 {[%emt 1:55:47]} Nbd7 {[%emt 1:55:47]} 9. e4 {[%emt 1:53:21]} dxe4 {[%emt 1:54:55]} 10. Nxe4 {[%emt 1:54:41]} Bb7 {[%emt 1:45:08]} 11. Rd1 {[%emt 1:49:29]} Nxe4 {[%emt 1:49:29]} 12. Qxe4 {[%emt 1:49:08]} Qc7 {[%emt 1:49:08]} 13. Bf4 {[%emt 1:38:26]} Bd6 {[%emt 1:34:16]} 14. Bxd6 {[%emt 1:46:07]} Qxd6 {[%emt 1:46:07]} 15. c5 {[%emt 1:33:59]} Qc7 {[%emt 1:30:59]} 16. Rac1 {[%emt 1:11:57]} Rfd8 {[%emt 1:21:21]} 17. Qe2 {[%emt 1:21:21]} Nf6 {[%emt 1:11:47]} 18. Ne5 {[%emt 1:01:01]} Nd5 {[%emt 1:01:01]} 19. h4 {[%emt 0:52:21]} b5 {[%emt 0:52:21]} 20. Be4 {[%emt 1:02:33]} a5 {[%emt 0:45:05]} 21. Bb1 {[%emt 0:43:44]} Ba6 {[%emt 0:54:23]} 22. Qc2 {[%emt 0:41:22]} g6 {[%emt 0:41:22]} 23. h5 {[%emt 0:39:09]} f6 {[%emt 0:39:09]} 24. Nf3 {[%emt 0:43:33]} g5 {[%emt 0:28:27]} 25. Re1 {[%emt 0:41:08]} Re8 {[%emt 0:23:38]} 26. Re4 {[%emt 0:40:24]} Qg7 {[%emt 0:12:46]} 27. Rce1 {[%emt 0:10:33]} Bc8 {[%emt 0:32:47]} 28. Kg2 {[%emt 0:08:38]} a4 {[%emt 0:28:46]} 29. a3 {[%emt 0:08:19]} b4 {[%emt 0:27:37]} 30. axb4 {[%emt 0:07:42]} Nxb4 {[%emt 0:07:42]} 31. Qd2 {[%emt 0:27:07]} Nd5 {[%emt 0:05:52]} 32. Ba2 {[%emt 0:05:23]} Bd7 {[%emt 0:05:23]} 33. Bc4 {[%emt 0:04:11]} Qf7 {[%emt 0:04:11]} 34. Rh1 {[%emt 0:03:22]} Reb8 {[%emt 0:03:22]} 35. Ree1 {[%emt 0:02:17]} a3 {[%emt 0:02:17]} 36. bxa3 {[%emt 0:02:12]} Rxa3 {[%emt 0:18:37]} 37. h6 {[%emt 0:01:05]} Qf8 {[%emt 0:12:00]} 38. Bxd5 {[%emt 0:00:48]} cxd5 {[%emt 0:09:32]} 39. Qc2 {[%emt 0:00:20]} Qc8 {[%emt 0:00:20]} 40. Rb1 {[%emt 0:00:05]} Rba8 {[%emt 0:00:05]} 41. Rb6 {[%emt 0:23:18]} Be8 {[%emt 0:23:53]} 42. Qe2 {[%emt 0:10:24]} Bf7 {[%emt 0:18:09]} 43. Rhb1 {[%emt 0:08:03]} Bh5 {[%emt 0:08:03]} 44. R1b3 {[%emt 0:06:40]} Bg6 {[%emt 0:03:58]} 45. Nd2 {[%emt 0:03:39]} Bf7 {[%emt 0:02:49]} 46. Qf3 {[%emt 0:03:15]} Qd8 {[%emt 0:02:35] Rb6 0:03:01 Ra2 0:02:22 Qb3 0:02:22 Ra8 0:02:21} 47. Rb7 {[%emt 0:02:27]} Rc8 {[%emt 0:02:11] Qb1 0:02:16 Qe8 0:01:58} 48. Nf1 {[%emt 0:02:07] Qc6 0:01:52 Ne3 0:01:57} Bg6 49. Rg7+ {[%emt 0:01:33]} Kh8 {[%emt 0:01:33]} 50. Rxg6 {[%emt 0:01:32]} hxg6 {[%emt 0:01:32] Qxg6 0:01:29 Qd7 0:01:29} 51. Qxf6+ {[%emt 0:01:48]} Kg8 {[%emt 0:01:27]} 52. Qxg5 {[%emt 0:01:25]} Kh8 {[%emt 0:01:25] Ng4 0:01:29 Qf7 0:01:15 Ne5 0:01:23 Qc7 0:01:01 Ng6+ 0:01:01 Kh7 Ne7} 1-0

[Event "30th NATO Chess-ch 2019"]
[Site "Berlin"]
[Date "2019.09.19"]
[Round "6.8"]
[White "Helbig, Mark"]
[Black "Tommasini, Enzo"]
[Result "1/2-1/2"]
[WhiteElo "2332"]
[BlackElo "2147"]
[Annotator "TA"]
[PlyCount "44"]
[EventDate "2019.09.16"]
[EventType "swiss"]
[EventCountry "GER"]
[SourceTitle "playchess.com"]
[Source "ChessBase"]
[SourceQuality "1"]

{[%evp 22,44,-7,-8,28,27,26,14,29,31,26,24,56,-29,14,-446,464,438,1474,688,1912,-236,-222,-226,-218]} 1. d4 d5 2. c4 c6 3. Nf3 Nf6 4. Nc3 e6 5. e3 Nbd7 6. Bd3 dxc4 7. Bxc4 b5 8. Bd3 Bb7 9. e4 b4 10. Na4 c5 11. e5 Nd5 12. O-O Qa5 {D47: Semi-Slav: Meran System} (12... cxd4 13. Re1 g6 14. h4 a6 15. Bg5 Qb8 16. Rc1 h6 17. Bd2 Bg7 18. Qe2 O-O 19. h5 g5 20. Qe4 N5f6 21. Qxd4 Bxf3 22. gxf3 Nxh5 {½-½ (73) Korobov,A (2713)-Dreev,A (2673) Warsaw 2013}) 13. Re1 Rc8 14. Nxc5 Nxc5 {The position is equal.} 15. dxc5 Bxc5 16. Ng5 $146 ({Predecessor:} 16. Qe2 h6 17. Bd2 Qb6 {0-1 (49) Zoebisch,H (2204)-Frosch,E (2340) Graz 2005}) 16... h6 17. Qh5 (17. Ne4 $14) 17... O-O 18. Nh7 $2 {[%mdl 8192] [#]} (18. Ne4 $11 f5 19. Nxc5 Qxc5 20. Qg6) 18... Rfd8 $4 {[%mdl 8192] [#]} ({Don't blunder} 18... Qb6 $2 19. Bxh6 Rfd8 20. Re2 $18) (18... Bxf2+ $1 $19 {[%mdl 512] avoids the disaster.} 19. Kxf2 Rxc1 $1 {[%mdl 512]} 20. Raxc1 Nf4) 19. Bxh6 $1 $18 {[%mdl 512]} Bf8 ({Don't go for} 19... gxh6 $2 20. Qxh6 Bxf2+ 21. Kxf2 $16) (19... Bxf2+ $142 20. Kxf2 gxh6) 20. Bg5 (20. Ng5 $142 Rc7 21. Bh7+ Kh8 {[#]} 22. Bxg7+ $1 {[%mdl 512]} Bxg7 23. Bg6+ {[%mdl 64] Discovered Attack} Kg8 24. Bxf7+ {[%mdl 64] Double Attack} Kf8 25. Nxe6+ {[%mdl 64] Double Attack} Ke7 26. Nxg7) 20... Rd7 21. Nf6+ $4 {[%mdl 8192]} (21. Nxf8 $18 {White wants to mate with Qh7+.} f5 22. Nxd7) 21... Nxf6 $19 {[%mdl 64] Discovered Attack} 22. Qh3 {[#]} Rxd3 $1 {Accuracy: White = 32%, Black = 25%.} 1/2-1/2

[Event "30th NATO Chess-ch 2019"]
[Site "Berlin"]
[Date "2019.09.19"]
[Round "6.9"]
[White "Lakos, Nikoletta"]
[Black "Kersic, Matej"]
[Result "1/2-1/2"]
[WhiteElo "2226"]
[BlackElo "2122"]
[Annotator "NA"]
[PlyCount "73"]
[EventDate "2019.09.16"]
[EventType "swiss"]
[EventCountry "GER"]
[SourceTitle "playchess.com"]
[Source "ChessBase"]
[SourceQuality "1"]
[TimeControl "40/7200:1800"]

1. e4 {[%emt 1:59:57]} c5 {[%emt 1:59:49]} 2. b3 {[%emt 1:58:47]} d6 {[%emt 1:58:34]} 3. Bb2 {[%emt 1:58:34]} Nc6 {[%emt 1:54:45]} 4. Bb5 {[%emt 1:56:34]} Bd7 {[%emt 1:46:47]} 5. Nf3 {[%emt 1:40:15]} e6 {[%emt 1:40:15]} 6. O-O {[%emt 1:39:07]} Nf6 {[%emt 1:39:07]} 7. Re1 {[%emt 1:26:12]} Be7 {[%emt 1:54:30]} 8. c4 {[%emt 1:04:55]} O-O {[%emt 1:04:55]} 9. Nc3 {[%emt 1:03:22]} e5 {[%emt 1:03:22]} 10. Nd5 {[%emt 0:51:58]} a6 {[%emt 0:51:58]} 11. Bxc6 {[%emt 0:48:11]} bxc6 {[%emt 0:48:11]} 12. Nxe7+ {[%emt 1:36:27]} Qxe7 {[%emt 0:47:23]} 13. d3 {[%emt 0:46:00]} Bg4 {[%emt 1:30:32]} 14. h3 {[%emt 1:30:32]} Bxf3 {[%emt 0:44:54]} 15. Qxf3 {[%emt 0:44:46]} Ne8 {[%emt 1:30:14]} 16. Qe3 {[%emt 0:37:29]} Nc7 {[%emt 1:29:23]} 17. f4 {[%emt 0:36:50]} exf4 {[%emt 0:36:50]} 18. Qxf4 {[%emt 0:36:35]} Ne6 {[%emt 0:36:35]} 19. Qg3 {[%emt 0:34:24]} f6 {[%emt 1:09:43]} 20. Qf2 {[%emt 0:33:03]} Rfe8 {[%emt 0:33:03]} 21. Bc3 {[%emt 0:31:40]} Rab8 {[%emt 0:31:40]} 22. Rab1 {[%emt 0:27:29]} Rb7 {[%emt 0:27:29]} 23. Rb2 {[%emt 1:02:10]} Ng5 {[%emt 0:52:55]} 24. a3 {[%emt 0:20:49]} Reb8 {[%emt 0:50:57]} 25. b4 {[%emt 0:50:57]} Nf7 {[%emt 0:15:15]} 26. Reb1 {[%emt 0:14:22]} Ne5 {[%emt 0:43:59]} 27. Qe2 {[%emt 0:12:07]} Qe6 {[%emt 0:40:36]} 28. bxc5 {[%emt 0:04:46]} Rxb2 {[%emt 0:04:46]} 29. Rxb2 {[%emt 0:04:44]} Rxb2 {[%emt 0:39:13]} 30. Qxb2 {[%emt 0:04:35]} dxc5 {[%emt 0:38:47]} 31. Bxe5 {[%emt 0:04:04]} Qxe5 {[%emt 0:04:04]} 32. Qxe5 {[%emt 0:03:21]} fxe5 {[%emt 0:38:17]} 33. Kf2 {[%emt 0:38:17]} Kf7 {[%emt 0:38:10]} 34. Kf3 {[%emt 0:02:36]} g5 {[%emt 0:02:36]} 35. g4 {[%emt 0:01:42]} a5 {[%emt 0:36:05]} 36. a4 {[%emt 0:01:18]} h6 {[%emt 0:01:18]} 37. Kg3 {[%emt 0:35:56]} 1/2-1/2

[Event "30th NATO Chess-ch 2019"]
[Site "Berlin"]
[Date "2019.09.19"]
[Round "6.10"]
[White "Tocco, Paolo"]
[Black "Pietruszewski, Marcin"]
[Result "1-0"]
[WhiteElo "2089"]
[BlackElo "2215"]
[Annotator "NA"]
[PlyCount "110"]
[EventDate "2019.09.16"]
[EventType "swiss"]
[EventCountry "GER"]
[SourceTitle "playchess.com"]
[Source "ChessBase"]
[SourceQuality "1"]
[TimeControl "40/7200:1800"]

1. f4 {[%emt 2:00:00]} c5 {[%emt 1:59:42]} 2. Nf3 {[%emt 1:59:47]} d5 {[%emt 1:59:47]} 3. g3 {[%emt 1:59:40]} g6 {[%emt 1:59:00]} 4. Bg2 {[%emt 1:59:36]} Bg7 {[%emt 1:58:58]} 5. O-O {[%emt 1:59:27]} Nc6 {[%emt 1:58:50]} 6. d3 {[%emt 1:58:50]} Nf6 {[%emt 1:56:06]} 7. c3 {[%emt 1:58:37]} O-O {[%emt 1:58:37]} 8. Na3 {[%emt 1:58:31]} Rb8 {[%emt 1:46:09]} 9. Ne5 {[%emt 1:46:09]} Qb6 {[%emt 1:04:10]} 10. Nxc6 {[%emt 1:54:10]} Qxc6 {[%emt 1:04:08]} 11. Nc4 {[%emt 1:04:08]} Qa6 {[%emt 1:51:40]} 12. Ne5 {[%emt 1:00:32]} Rd8 {[%emt 1:49:54]} 13. Qc2 {[%emt 1:44:57]} Be6 {[%emt 1:44:57]} 14. e4 {[%emt 1:39:16]} dxe4 {[%emt 0:44:58]} 15. dxe4 {[%emt 1:39:07]} Ng4 {[%emt 1:39:07]} 16. Nxg4 {[%emt 1:32:35]} Bxg4 {[%emt 0:44:42]} 17. Be3 {[%emt 0:44:42]} Be2 {[%emt 0:36:16]} 18. Rfe1 {[%emt 1:30:05]} Bd3 {[%emt 1:30:05]} 19. Qf2 {[%emt 1:29:47]} b6 {[%emt 1:29:47]} 20. g4 {[%emt 1:22:57]} Rd7 {[%emt 0:34:59]} 21. e5 {[%emt 1:18:41]} Qc4 {[%emt 1:18:41]} 22. Bc6 {[%emt 1:09:29]} Rc7 {[%emt 0:27:22]} 23. Bf3 {[%emt 0:27:22]} Rd8 {[%emt 0:27:12]} 24. a3 {[%emt 1:05:50]} a5 {[%emt 0:26:21]} 25. Rad1 {[%emt 1:04:05]} Rcd7 {[%emt 0:21:59]} 26. Bc6 {[%emt 1:03:57]} Rc7 {[%emt 0:21:56]} 27. Bf3 {[%emt 1:03:51]} f6 {[%emt 0:17:11]} 28. exf6 {[%emt 0:58:55]} exf6 {[%emt 0:16:39]} 29. Rd2 {[%emt 0:56:01]} Rcd7 {[%emt 0:12:59]} 30. Red1 {[%emt 0:12:59]} Qe6 {[%emt 0:06:52]} 31. h3 {[%emt 0:48:59]} f5 {[%emt 0:05:57]} 32. g5 {[%emt 0:41:07]} a4 {[%emt 0:05:38]} 33. Kg2 {[%emt 0:05:38]} Kf7 {[%emt 0:38:08]} 34. Kg3 {[%emt 0:34:55]} Rd6 {[%emt 0:34:55]} 35. Be2 {[%emt 0:25:33]} Qe4 {[%emt 0:02:18]} 36. Qf3 {[%emt 0:02:18]} Qxf3+ {[%emt 0:01:15]} 37. Kxf3 {[%emt 0:19:31]} Bxe2+ {[%emt 0:00:56]} 38. Kxe2 {[%emt 0:19:27]} Ke6 {[%emt 0:00:35]} 39. Rxd6+ {[%emt 0:18:50]} Rxd6 {[%emt 0:00:34]} 40. Rxd6+ {[%emt 0:18:41]} Kxd6 {[%emt 0:00:33]} 41. Kd3 {[%emt 0:00:33]} b5 {[%emt 0:00:07]} 42. Bd2 {[%emt 0:17:49]} Kd5 {[%emt 0:47:49]} 43. Bc1 {[%emt 0:46:55]} Bf8 {[%emt 0:29:07]} 44. Bd2 {[%emt 0:46:03]} Bd6 {[%emt 0:29:01]} 45. Bc1 {[%emt 0:45:19]} Bc7 {[%emt 0:28:52]} 46. Bd2 {[%emt 0:28:52]} Bb6 {[%emt 0:34:18]} 47. Be3 {[%emt 0:34:05]} Ba7 {[%emt 0:34:05]} 48. c4+ {[%emt 0:28:29]} bxc4+ {[%emt 0:28:18]} 49. Kc3 {[%emt 0:28:18]} Bb6 {[%emt 0:28:11]} 50. Bf2 {[%emt 0:26:13]} Bc7 {[%emt 0:27:21]} 51. Be3 {[%emt 0:24:08]} Bd6 {[%emt 0:24:08]} 52. Bd2 {[%emt 0:27:17]} Bf8 {[%emt 0:27:14]} 53. Be3 {[%emt 0:20:23]} Bg7+ {[%emt 0:27:08]} 54. Kc2 {[%emt 0:20:14]} Bd4 {[%emt 0:20:14]} 55. Bc1 Z0 {gxc6} 1-0

[Event "30th NATO Chess-ch 2019"]
[Site "Berlin"]
[Date "2019.09.19"]
[Round "6.11"]
[White "Sycz, Dariusz"]
[Black "Keough, Robert"]
[Result "1-0"]
[WhiteElo "2215"]
[BlackElo "2108"]
[Annotator "NA"]
[PlyCount "123"]
[EventDate "2019.09.16"]
[EventType "swiss"]
[EventCountry "GER"]
[SourceTitle "playchess.com"]
[Source "ChessBase"]
[SourceQuality "1"]
[TimeControl "40/7200:1800"]

1. d4 {[%emt 2:00:00]} Nf6 {[%emt 1:59:55]} 2. Nf3 {[%emt 1:59:32]} g6 {[%emt 1:59:32]} 3. g3 {[%emt 1:58:13]} Bg7 {[%emt 1:58:13]} 4. Bg2 {[%emt 1:59:19]} O-O {[%emt 1:59:08]} 5. O-O {[%emt 1:59:08]} d6 {[%emt 1:57:57]} 6. c4 {[%emt 1:58:06]} c5 {[%emt 1:55:32]} 7. d5 {[%emt 1:51:18]} Bg4 {[%emt 1:41:26]} 8. Nc3 {[%emt 1:49:19]} Bxf3 {[%emt 1:41:17]} 9. Bxf3 {[%emt 1:48:42]} Nbd7 {[%emt 1:41:08]} 10. Bg2 {[%emt 1:48:16]} Ne5 {[%emt 1:48:16]} 11. b3 {[%emt 1:35:21]} Ne8 {[%emt 1:24:04]} 12. Bb2 {[%emt 1:24:04]} Nd7 {[%emt 1:42:15]} 13. Qc2 {[%emt 1:21:21]} Nc7 {[%emt 1:18:43]} 14. Rae1 {[%emt 1:32:59]} Rb8 {[%emt 1:32:59]} 15. Nd1 {[%emt 1:30:49]} b5 {[%emt 1:30:49]} 16. Bxg7 {[%emt 1:30:03]} Kxg7 {[%emt 1:30:03]} 17. Nb2 {[%emt 1:29:27]} Nb6 {[%emt 1:10:08]} 18. e4 {[%emt 1:10:08]} bxc4 {[%emt 1:23:35]} 19. bxc4 {[%emt 1:23:25]} e5 {[%emt 1:05:23]} 20. dxe6 Nxe6 {[%emt 1:17:56]} 21. e5 {[%emt 1:02:17]} Nd4 {[%emt 1:02:17]} 22. Qc1 {[%emt 1:12:11]} dxe5 {[%emt 1:12:11]} 23. Rxe5 {[%emt 1:09:51]} Nd7 {[%emt 1:09:51]} 24. Re3 {[%emt 1:05:14]} Qa5 {[%emt 0:55:39]} 25. a3 {[%emt 0:52:23]} Nb3 {[%emt 0:52:23]} 26. Qc2 {[%emt 0:37:35]} Nd4 {[%emt 0:28:14]} 27. Qa4 {[%emt 0:35:29]} Qd2 {[%emt 0:35:29]} 28. Nd3 {[%emt 0:26:07]} Nb6 {[%emt 0:26:07]} 29. Qxa7 {[%emt 0:13:58]} Ne2+ {[%emt 0:15:55]} 30. Kh1 {[%emt 0:13:11]} Nxc4 {[%emt 0:15:34]} 31. Rf3 {[%emt 0:13:02]} Nd4 {[%emt 0:07:16]} 32. Nxc5 {[%emt 0:12:37]} Qe2 {[%emt 0:12:37]} 33. Rxf7+ {[%emt 0:06:55]} Rxf7 {[%emt 0:05:36]} 34. Qxb8 {[%emt 0:06:43]} Nd2 {[%emt 0:04:02]} 35. Qb2 {[%emt 0:04:02]} Nxf1 {[%emt 0:01:46]} 36. Qxd4+ {[%emt 0:03:08]} Kh6 {[%emt 0:03:08]} 37. Qh4+ {[%emt 0:01:00]} Kg7 {[%emt 0:02:37]} 38. Qd4+ {[%emt 0:02:07]} Kh6 {[%emt 0:00:55]} 39. Kg1 {[%emt 0:00:43]} Nd2 {[%emt 0:00:43]} 40. Qh4+ Kg7 {[%emt 0:00:35]} 41. Ne6+ {[%emt 0:30:35]} Qxe6 {[%emt 0:29:13]} 42. Qd4+ {[%emt 0:29:13]} Qf6 {[%emt 0:28:28]} 43. Qxd2 {[%emt 0:15:51]} Qa1+ {[%emt 0:15:51]} 44. Bf1 {[%emt 0:15:44]} Qxa3 {[%emt 0:15:44]} 45. Bc4 {[%emt 0:14:54]} Qa1+ {[%emt 0:14:54]} 46. Kg2 {[%emt 0:14:17]} Re7 {[%emt 0:14:17]} 47. Qd8 {[%emt 0:25:52]} Qf6 {[%emt 0:08:43]} 48. Qg8+ {[%emt 0:08:08]} Kh6 {[%emt 0:19:33]} 49. Bd5 {[%emt 0:07:30]} Re2 {[%emt 0:07:30]} 50. Bf3 {[%emt 0:07:04]} Rb2 {[%emt 0:14:17]} 51. h4 {[%emt 0:06:45]} Qg7 {[%emt 0:08:04]} 52. Qd8 {[%emt 0:08:04]} Qf7 {[%emt 0:04:44]} 53. Qd4 {[%emt 0:03:37]} Rb5 {[%emt 0:03:37]} 54. g4 {[%emt 0:03:22]} g5 {[%emt 0:01:40]} 55. h5 {[%emt 0:01:40]} Qe6 {[%emt 0:02:47]} 56. Qd8 {[%emt 0:01:06]} Kg7 {[%emt 0:01:01]} 57. Qc7+ {[%emt 0:01:01]} Kh8 {[%emt 0:01:44]} 58. h6 {[%emt 0:01:06]} Qxh6 {[%emt 0:00:10]} 59. Qd8+ {[%emt 0:00:10]} Kg7 {[%emt 0:00:07]} 60. Qd7+ {[%emt 0:00:54]} Kf8 {[%emt 0:00:04]} 61. Qxb5 {[%emt 0:00:52]} Qf6 62. Qb8+ {[%emt 0:00:00]} 1-0

[Event "30th NATO Chess-ch 2019"]
[Site "Berlin"]
[Date "2019.09.19"]
[Round "6.12"]
[White "Mouroutis, Konstantinos"]
[Black "Cichy, Kamil"]
[Result "0-1"]
[WhiteElo "2181"]
[BlackElo "2106"]
[Annotator "NA"]
[PlyCount "84"]
[EventDate "2019.09.16"]
[EventType "swiss"]
[EventCountry "GER"]
[SourceTitle "playchess.com"]
[Source "ChessBase"]
[SourceQuality "1"]
[TimeControl "40/7200:1800"]

1. d4 {[%emt 1:59:56]} d5 {[%emt 1:59:56]} 2. Bg5 {[%emt 1:57:16]} h6 {[%emt 1:56:16]} 3. Bh4 {[%emt 1:57:09]} c5 {[%emt 1:51:44]} 4. dxc5 {[%emt 1:54:41]} Qa5+ {[%emt 1:37:41]} 5. Nc3 {[%emt 1:37:41]} e6 {[%emt 1:44:21]} 6. e4 {[%emt 1:25:14]} g5 {[%emt 0:57:43]} 7. Qd4 {[%emt 1:32:48]} Rh7 {[%emt 0:56:09]} 8. b4 {[%emt 1:31:48]} Nc6 {[%emt 0:52:14]} 9. Bb5 {[%emt 0:52:14]} Qxb5 {[%emt 0:48:48]} 10. Nxb5 {[%emt 0:48:48]} Nxd4 {[%emt 0:48:36]} 11. Nc7+ {[%emt 0:48:36]} Kd8 {[%emt 0:35:23]} 12. Nxa8 {[%emt 1:11:00]} Nxc2+ {[%emt 0:34:14]} 13. Kd2 {[%emt 0:34:14]} Nxa1 {[%emt 1:10:38]} 14. Bg3 {[%emt 1:10:22]} dxe4 {[%emt 0:22:05]} 15. Bc7+ {[%emt 0:56:23]} Kd7 {[%emt 0:21:02]} 16. Ne2 {[%emt 0:21:02]} Bg7 {[%emt 0:19:22]} 17. Nc3 {[%emt 0:55:37]} Ne7 {[%emt 0:18:31]} 18. Nxe4 {[%emt 0:44:19]} Nd5 {[%emt 0:17:32]} 19. Bd6 {[%emt 0:17:32]} f5 {[%emt 0:44:16]} 20. Ng3 {[%emt 0:42:36]} b5 {[%emt 0:15:30]} 21. Nh5 {[%emt 0:33:45]} Bh8 {[%emt 0:14:48]} 22. f4 {[%emt 0:14:48]} Bb7 {[%emt 0:12:25]} 23. Be5 {[%emt 0:31:47]} Bxa8 {[%emt 0:11:33]} 24. Rxa1 {[%emt 0:30:21]} gxf4 {[%emt 0:30:21]} 25. Bxh8 {[%emt 0:09:32]} Rxh8 {[%emt 0:09:32]} 26. a4 {[%emt 0:27:46]} a6 {[%emt 0:07:08]} 27. axb5 {[%emt 0:27:18]} axb5 {[%emt 0:07:02]} 28. Ra7+ {[%emt 0:27:02]} Nc7 {[%emt 0:06:51]} 29. Nxf4 {[%emt 0:06:51]} e5 {[%emt 0:05:59]} 30. Ng6 {[%emt 0:24:03]} Re8 {[%emt 0:05:34]} 31. g3 {[%emt 0:05:34]} Bd5 {[%emt 0:04:42]} 32. Ke3 {[%emt 0:22:52]} Kc6 {[%emt 0:04:06]} 33. Kf2 {[%emt 0:04:06]} Bf7 {[%emt 0:03:15]} 34. Nh4 {[%emt 0:21:05]} Be6 {[%emt 0:02:51]} 35. Ng6 {[%emt 0:19:03]} Bc4 {[%emt 0:02:45]} 36. Nh4 {[%emt 0:18:46]} Bd3 {[%emt 0:02:14]} 37. Nf3 {[%emt 0:17:31]} Be4 {[%emt 0:01:59]} 38. Nd2 {[%emt 0:01:59]} Bd5 {[%emt 0:01:49]} 39. g4 {[%emt 0:14:12]} fxg4 {[%emt 0:01:30]} 40. Kg3 {[%emt 0:14:09]} h5 {[%emt 0:01:18]} 41. Kh4 {[%emt 0:01:18]} e4 {[%emt 0:00:46]} 42. Ra1 {[%emt 0:13:03]} e3 {[%emt 0:00:23]} 0-1

[Event "30th NATO Chess-ch 2019"]
[Site "Berlin"]
[Date "2019.09.19"]
[Round "6.13"]
[White "Pedersen, Finn"]
[Black "Onley, David E"]
[Result "1-0"]
[WhiteElo "2305"]
[BlackElo "2103"]
[Annotator "NA"]
[PlyCount "133"]
[EventDate "2019.09.16"]
[EventType "swiss"]
[EventCountry "GER"]
[SourceTitle "playchess.com"]
[Source "ChessBase"]
[SourceQuality "1"]
[TimeControl "40/7200:1800"]

1. Nf3 {[%emt 2:00:00]} Nf6 {[%emt 1:59:53]} 2. c4 {[%emt 1:59:32]} g6 {[%emt 1:59:32]} 3. b3 {[%emt 1:58:36]} Bg7 {[%emt 1:58:28]} 4. Bb2 {[%emt 1:58:28]} O-O {[%emt 1:57:35]} 5. g3 {[%emt 1:58:12]} a5 {[%emt 1:56:23]} 6. Bg2 {[%emt 1:56:23]} d6 {[%emt 1:47:39]} 7. O-O {[%emt 1:56:20]} e5 {[%emt 1:56:20]} 8. Nc3 {[%emt 1:54:49]} h6 {[%emt 1:45:14]} 9. d3 {[%emt 1:45:14]} Nbd7 {[%emt 1:41:26]} 10. a3 {[%emt 1:48:12]} Re8 {[%emt 1:37:34]} 11. e4 {[%emt 1:46:32]} Nc5 {[%emt 1:35:54]} 12. b4 {[%emt 1:44:03]} axb4 {[%emt 1:32:50]} 13. axb4 {[%emt 1:43:57]} Rxa1 {[%emt 1:32:37]} 14. Bxa1 {[%emt 1:43:49]} Na6 {[%emt 1:31:42]} 15. Qb1 {[%emt 1:41:02]} Nh7 {[%emt 1:23:21]} 16. h3 {[%emt 1:32:20]} Ng5 {[%emt 1:18:14]} 17. Kh2 {[%emt 1:18:14]} c6 {[%emt 1:09:09]} 18. Ng1 {[%emt 1:28:51]} Ne6 {[%emt 1:28:51]} 19. Nce2 {[%emt 1:27:12]} Qb6 {[%emt 1:27:12]} 20. Bc3 {[%emt 0:59:20]} Rf8 {[%emt 1:27:00]} 21. Nf3 {[%emt 1:19:30]} Bd7 {[%emt 1:19:30]} 22. Qb2 {[%emt 0:45:49]} c5 {[%emt 1:16:31]} 23. b5 {[%emt 1:16:10]} Nb4 {[%emt 0:36:37]} 24. Bxb4 {[%emt 1:15:41]} cxb4 {[%emt 0:36:30]} 25. Qxb4 {[%emt 0:36:30]} Nc5 {[%emt 0:35:54]} 26. Qb1 {[%emt 1:12:10]} Be6 {[%emt 0:33:48]} 27. Nh4 {[%emt 1:09:00]} Ra8 {[%emt 1:09:00]} 28. f4 {[%emt 1:08:39]} exf4 {[%emt 0:28:01]} 29. gxf4 {[%emt 1:07:08]} Ra3 {[%emt 0:23:24]} 30. d4 {[%emt 1:01:56]} Bxc4 {[%emt 0:20:15]} 31. dxc5 {[%emt 1:01:21]} Qd8 {[%emt 0:19:44]} 32. Qb4 {[%emt 0:57:01]} Bxe2 {[%emt 0:57:01]} 33. Qxa3 {[%emt 0:56:43]} Bxf1 {[%emt 0:56:43]} 34. Nf3 {[%emt 0:54:34]} Bxg2 {[%emt 0:14:47]} 35. Kxg2 {[%emt 0:14:47]} dxc5 {[%emt 0:14:19]} 36. Qxc5 {[%emt 0:54:18]} Bf8 {[%emt 0:09:42]} 37. Qd4 {[%emt 0:53:04]} Qc8 {[%emt 0:09:15]} 38. Qd5 {[%emt 0:52:30]} Bc5 {[%emt 0:06:36]} 39. Ne5 {[%emt 0:51:53]} Qc7 {[%emt 0:04:29]} 40. Nxf7 {[%emt 0:45:47]} Qxf7 {[%emt 0:03:01]} 41. Qxc5 {[%emt 0:45:43]} Qa2+ 42. Kg3 {[%emt 0:27:18]} Qb3+ {[%emt 1:12:30]} 43. Kh4 {[%emt 0:23:11]} Qf3 {[%emt 1:12:02]} 44. Qc8+ {[%emt 1:11:38]} Kf7 {[%emt 1:11:38]} 45. Qxb7+ {[%emt 1:11:25]} Kf8 {[%emt 0:16:30]} 46. Qc8+ {[%emt 1:10:42]} Kf7 {[%emt 0:15:03]} 47. Qd7+ {[%emt 1:09:39]} Kf8 {[%emt 1:09:39]} 48. Qd2 {[%emt 0:14:36]} Qxe4 {[%emt 0:13:21]} 49. b6 {[%emt 0:58:18]} Kf7 {[%emt 0:08:45]} 50. Kg3 {[%emt 0:56:35]} Kf8 {[%emt 0:07:39]} 51. Qd8+ {[%emt 0:49:04]} Kf7 {[%emt 0:07:24]} 52. Qc7+ {[%emt 0:48:54]} Kg8 {[%emt 0:48:54]} 53. Kf2 {[%emt 0:45:38]} Qd4+ {[%emt 0:45:38]} 54. Ke2 {[%emt 0:05:35]} Qe4+ {[%emt 0:04:01]} 55. Kd2 {[%emt 0:04:01]} Qd4+ {[%emt 0:03:04]} 56. Kc2 {[%emt 0:44:29]} Qa4+ {[%emt 0:02:55]} 57. Kd3 {[%emt 0:02:55]} Qb3+ {[%emt 0:02:46]} 58. Kd4 {[%emt 0:44:01]} Qb2+ {[%emt 0:02:39]} 59. Kd5 {[%emt 0:02:39]} Qg2+ {[%emt 0:02:37]} 60. Kd6 {[%emt 0:02:37]} Qd2+ {[%emt 0:02:35]} 61. Ke7 {[%emt 0:02:35]} Qe3+ {[%emt 0:39:57]} 62. Kd8 {[%emt 0:02:26]} Qd3+ {[%emt 0:01:41]} 63. Qd7 {[%emt 0:36:46]} Qa6 {[%emt 0:01:02]} 64. Qd5+ {[%emt 0:01:02]} Kg7 {[%emt 0:00:56]} 65. Kc7 {[%emt 0:00:56]} h5 {[%emt 0:33:26]} 66. b7 {[%emt 0:00:44]} Qa7 {[%emt 0:00:43]} 67. Qb5 {[%emt 0:00:43]} 1-0